| 000 | 004840000a22001810004500 | ||
|---|---|---|---|
| 003 | MACL | ||
| 005 | 20150710154055.0 | ||
| 008 | 150710b xxu||||| |||| 00| 0 eng d | ||
| 040 |
_aMACL _cMACL |
||
| 041 | _aEnglish | ||
| 082 | _a3200/MIS | ||
| 100 |
_aMisra Suresh _91648 |
||
| 245 |
_aGandhian alternative _bEducation For Self Realisation |
||
| 260 |
_bGandhi Smriti And Darshan Samiti _c2005 _aNew Delhi |
||
| 350 | _a500 | ||
| 650 |
_aSocial Science _91649 |
||
| 942 |
_cBK _k320 _2ddc |
||
| 999 |
_c1904 _d1904 |
||